000 nam a22 7a 4500
999 _c9613
_d9613
008 180205b ||||| |||| 00| 0 eng d
100 _aDas,S.
_95741
245 _aPappu's Problem
260 _aNew delhi
_bNBT
_c2014